Scottish Towns and Cities by Population - Statistics

General Stats
  • This quiz has been taken 158 times
  • The average score is 16 of 25
Answer Stats
Population Answer % Correct
506,520 Edinburgh
100%
632,350 Glasgow
100%
198,590 Aberdeen
99%
148,210 Dundee
95%
47,790 Inverness
93%
47,350 Perth
85%
37,910 Stirling
78%
54,990 Dunfermline
70%
46,260 Ayr
69%
35,590 Falkirk
66%
32,840 Motherwell
64%
77,270 Paisley
62%
46,970 Kilmarnock
61%
56,840 Livingston
61%
33,470 Dumfries
57%
75,310 East Kilbride
56%
41,280 Greenock
52%
54,480 Hamilton
51%
50,370 Kirkcaldy
49%
50,530 Cumbernauld
43%
38,360 Glenrothes
37%
36,390 Airdrie
36%
43,950 Coatbridge
29%
34,130 Irvine
27%
30,950 Rutherglen
20%
No matching quizzes found
Score Distribution
Percent of People with Each Score
Percentile by Number Answered
Your Score History
You have not taken this quiz